000 00804nam a22002177a 4500
999 _c2044
_d2044
003 AR-CdUCM
008 190228b ||||| |||| 00| 0 spa d
040 _aMUNICIPALIDAD PROVINCIAL DEL CUSCO
_cBIBLIOTECA MUNICIPAL DEL CUSCO
041 _heng
082 _a320.973 /
_bC87
100 _aCronkite, Walter
_97405
245 _aLos desafíos del cambio /
_cWalter Cronkite
260 _aBuenos Aires :
_bAmericana,
_c1955.
300 _a133 paginas ;
_c20 cm.
505 _aLos problemas que enfrentamos -- perspectivas tecnológicas -- Cambios o revolución -- La política y Vietnam -- Radiodifusión y libertad de palabra ...
650 _aPerspectivas Tecnológicas
_97406
650 _aCambios y revolución
_97407
650 _aPolítica
_9291
942 _2ddc
_cLIBROS
945 _aacv
_d2019-02-28